Encyclopedia of human resource development (set of 9 volumes) : turbo-charging the HR function, vol. 3

Bibliographic Details
Main Author: Paul Mooney
Format: Book
Published: Mumbai : Jaico Publishing House , 2004
Subjects:

MARC

LEADER 00000cam a2200000 7i4500
001 0000018217
005 20080611.0
008 080604
020 |a 8179921387 
090 0 0 |a 658.303   |b MOO 
100 1 |a Paul Mooney 
245 1 0 |a Encyclopedia of human resource development (set of 9 volumes) :   |b turbo-charging the HR function, vol. 3   |c Paul Mooney 
260 |a Mumbai :   |b Jaico Publishing House ,   |c 2004 
650 0 |a Human resource management   |x Encyclopedia and dictionary 
650 0 |a Personal management   |x Encyclopedia and dictionary 
999 |a 0001020384   |b Book   |c Adult Collection   |e Cawangan Urban Transformation Centre 
999 |a 0001020385   |b Book   |c REFERENCE   |e Perbadanan Perpustakaan Awam Johor